Movies Quiz

Random Movies or Actress Quiz

Silent Star by Film Quiz Stats

 Plays Quiz not verified by Sporcle

Challenge
Share
Tweet
Embed
Score 0/24 Timer 10:00
0 Plays Today
Films Actor or Actress % Correct
The Gold Rush, The Circus Charlie Chaplin
99%
Our Hospitality, The GeneralBuster Keaton
92.8%
The Sheik, The Four Horsemen of the ApocalypseRudolph Valentino
86.6%
Birth of a Nation, Way Down EastLillian Gish
86.6%
The Thief of Bagdad, The Mark of ZorroDouglas Fairbanks
84.7%
The Unknown, The Phantom of the OperaLon Chaney
81.3%
The Freshman, Safety Last!Harold Lloyd
80.9%
It, Wings, The Plastic AgeClara Bow
78%
Polyanna, Sparrows, My Best GirlMary Pickford
77%
Pandora's Box, Diary of a Lost GirlLouise Brooks
67%
Sunrise, Seventh HeavenJanet Gaynor
64.6%
Flesh and the Devil, LoveGreta Garbo
64.1%
Films Actor or Actress % Correct
The Last Laugh, The Last CommandEmil Jannings
51.2%
Madame Sans-Gene, Male and FemaleGloria Swanson
50.2%
The Cabinet of Dr. Caligari, The Man Who LaughsConrad Veidt
47.8%
Don Juan, Raffles the Amateur CracksmanJohn Barrymore
45%
Coney Island, The Round-UpFatty Arbuckle
43.5%
Nosferatu, The StreetMax Schreck
40.2%
Metropolis, L'ArgentBrigitte Helm
33.5%
The Passion of Joan of Arc, La Comtesse de SomeriveRenee Jeanne Falconetti
31.6%
The Battle of the Century, Should Married Men Go Home?Laurel and Hardy
27.8%
The Strong Man, Tramp Tramp TrampHarry Langdon
24.9%
The Holy Mountain, The White Hell of Pitz PaluLeni Riefenstahl
19.1%
Intolerance, Across the ContinentWallace Reid
13.4%

You're not logged in!

Compare scores with friends on all Sporcle quizzes.
Join for Free
OR
Log In

You Might Also Like...

Show Comments

Extras

Top Quizzes Today


Score Distribution

Your Account Isn't Verified!

In order to create a playlist on Sporcle, you need to verify the email address you used during registration. Go to your Sporcle Settings to finish the process.

Report this User

Report this user for behavior that violates our Community Guidelines.

Details: